Sports Quiz

Random Sports Quiz

250+ HR/ 350+ SB Quiz Stats

 Plays Quiz not verified by Sporcle

Score 0/7 Timer 01:30
0 Plays Today
Last Year Played Player % Correct
2007Barry Bonds
94.7%
1981Bobby Bonds
94.1%
2003Rickey Henderson
92.6%
2014Derek Jeter
62.8%
2007Craig Biggio
55.3%
1984Joe Morgan
44.7%
2014Bobby Abreu
28.2%

You're not logged in!

Compare scores with friends on all Sporcle quizzes.
OR
Log In

Sporcle TV

Today on Sporcle TV


Watch our educational content, quiz creation guides, and fun videos on Sporcle TV.

Show Comments

Extras

Created Jan 8, 2015ReportNominate
Tags:250, 350, base, hit, homer, last, least, player, steal, total

Top Quizzes Today


Score Distribution

Your Account Isn't Verified!

In order to create a playlist on Sporcle, you need to verify the email address you used during registration. Go to your Sporcle Settings to finish the process.

Report this User

Report this user for behavior that violates our Community Guidelines.

Details: